书目信息 |
| 题名: |
论语的启示
|
|
| 作者: | 陈望衡 选译 ;萧承财 绘画 | |
| 分册: | ||
| 出版信息: | 上海 复旦大学出版社 2007 |
|
| 页数: | 213页 | |
| 开本: | 21cm | |
| 丛书名: | ||
| 单 册: | ||
| 中图分类: | B222.2-49 | |
| 科图分类: | ||
| 主题词: | 儒家 | |
| 电子资源: | ||
| ISBN: | 978-7-309-05765-2 | |
| 000 | 00859nam0 2200241 450 | |
| 001 | 1151862373 | |
| 005 | 20111003142506.25 | |
| 010 | @a978-7-309-05765-2@dCNY18.00 | |
| 100 | @a20111224d2007 em y0chiy50 ea | |
| 101 | 0 | @achi |
| 102 | @aCN@b310000 | |
| 105 | @ay z 000yy | |
| 200 | 1 | @a论语的启示@9lun yu de qi shi@f陈望衡选译@g萧承财绘画 |
| 210 | @a上海@c复旦大学出版社@d2007 | |
| 215 | @a213页@c图@d21cm | |
| 330 | @a本书从四百多则原文中精选出百余条具代表性的格言,并依照孔子的主要思想,分门别类而成八大章节:学习的乐趣、仁孝的真谛、理想的人格、反省与警戒、领导与实践、群我的关系、人生的价值、生活与艺术。 | |
| 605 | @a论语@j通俗读物 | |
| 606 | 0 | @a儒家 |
| 690 | @aB222.2-49@v4 | |
| 701 | 0 | @a陈望衡@9chen wang heng@4选译 |
| 702 | 0 | @a萧承财@9xiao cheng cai@f(1954-)@4绘画 |
| 801 | 0 | @aCN@b91MARC@c20111224 |
| 905 | @a10447@dB222.2-49@eJY209 | |
| 论语的启示/陈望衡选译/萧承财绘画.-上海:复旦大学出版社,2007 |
| 213页:图;21cm |
| ISBN 978-7-309-05765-2:CNY18.00 |
| 本书从四百多则原文中精选出百余条具代表性的格言,并依照孔子的主要思想,分门别类而成八大章节:学习的乐趣、仁孝的真谛、理想的人格、反省与警戒、领导与实践、群我的关系、人生的价值、生活与艺术。 |
| ● |
| 相关链接 |
|
|
|
|
正题名:论语的启示
索取号:B222.2-49/JY209
 
预约/预借
| 序号 | 登录号 | 条形码 | 馆藏地/架位号 | 状态 | 备注 |
| 1 | 7824753 | 278247531 | 学院路分馆/ [索取号:B222.2-49/JY209] | 在馆 | |
| 2 | 7824754 | 278247540 | 学院路分馆/ [索取号:B222.2-49/JY209] | 在馆 |